Vẽ kỹ thuật cơ khí

Trình bày các kiến thức cơ bản về vẽ kĩ thuật cơ khí như: Vẽ qui ước bánh răng và lò xo, dung sai và nhóm bề mặt, bản vẽ chi tiết, lắp, bản vẽ khai triển, hàn và kết cấu kim loại, sơ đồ, bản vẽ xây dựng...

全面介绍

Đã lưu trong:
书目详细资料
主要作者: Trần, Hữu Quế
格式: 图书
语言:Undetermined
出版: Hà Nội Giáo dục Việt Nam 2009
主题:
标签: 添加标签
没有标签, 成为第一个标记此记录!
Thư viện lưu trữ: Trung tâm Học liệu Trường Đại học Cần Thơ
LEADER 01181nam a2200229Ia 4500
001 CTU_176845
008 210402s9999 xx 000 0 und d
020 |c 35000 
082 |a 604.2 
082 |b Qu250/T.2 
100 |a Trần, Hữu Quế 
245 0 |a Vẽ kỹ thuật cơ khí 
245 0 |c Trần Hữu Quế, Đặng Văn Cứ, Nguyễn Văn Tuấn 
260 |a Hà Nội 
260 |b Giáo dục Việt Nam 
260 |c 2009 
520 |a Trình bày các kiến thức cơ bản về vẽ kĩ thuật cơ khí như: Vẽ qui ước bánh răng và lò xo, dung sai và nhóm bề mặt, bản vẽ chi tiết, lắp, bản vẽ khai triển, hàn và kết cấu kim loại, sơ đồ, bản vẽ xây dựng 
526 |a Đồ họa kỹ thuật trên máy tính,Đồ họa kỹ thuật trên máy tính,Hình họa và vẽ kỹ thuật - CK,Đồ họa kỹ thuật trên máy tính 
526 |b SP290,SP291,CN132,KC114 
650 |a Mechanical drawing,Vẽ cơ khí 
904 |i Hải 
980 |a Trung tâm Học liệu Trường Đại học Cần Thơ